Gaming Quiz

Random Gaming or Clickable Quiz

Classic Board Games Reviews Quiz Stats

 Plays Quiz Updated Dec 31, 2018

     
Support Sporcle.
Go Orange.
Score 0/24 Timer 05:00
1 Play Today
% Correct
Clue(do)
90.4%
Pictionary
90.2%
Game of Life
90.1%
Candy Land
89.4%
Scrabble
88.7%
Jenga
88.5%
Twister
88.5%
Battleship
88.2%
Yahtzee
87%
Connect 4
86.3%
Hungry Hungry Hippos
85%
Monopoly
83.2%
% Correct
Mouse Trap
82.9%
Escape from Colditz
78.5%
Ticket to Ride
76%
Masterpiece
75.6%
Risk
74%
Operation
73.5%
Catan
73.4%
Mastermind
73.3%
Stratego
70.4%
Trivial Pursuit
69.8%
Sorry!
69.5%
Buckaroo
57.1%

From the Vault

Is THAT Holiday on THAT Date?

by william2

Holiday 4m
This quiz will have you questioning everything you know about the holiday season.
Remove Ads.
Support Sporcle.
Get the best of Sporcle when you Go Orange. This ad-free experience offers more features, more stats, and more fun while also helping to support Sporcle. Thank you for becoming a member.

Show Comments

Extras

Top Quizzes Today


Score Distribution

Your Account Isn't Verified!

In order to create a playlist on Sporcle, you need to verify the email address you used during registration. Go to your Sporcle Settings to finish the process.

Report this User

Report this user for behavior that violates our Community Guidelines.

Details: